Statistics for Vocab #4

Click here to take the quiz!

General Stats

  • This quiz has been taken 15 times
  • The average score is 19 of 28

Answer Stats

QuestionsFirst LetterAnswer% Correct
A person who is skilled in designing buildings and other structuresAArchitect
100%
A person who is skilled in repairing and maintaining vehiclesMMechanic
100%
A small, winged insect that feeds on the blood of humans and animalsMMosquito
100%
A type of tree that produces sweet, juicy fruitAApple
93%
The art of folding paper into decorative shapes and figuresOOrigami
93%
A type of bird that is known for its nocturnal habitsOOwl
93%
A type of fruit that is often used in pies and other dessertsPPear
93%
A system of government in which power is held by the people or their elected representativesDDemocracy
86%
A large, extinct reptile that lived millions of years agoDDinosaur
86%
A type of flower that is often associated with love and beautyLLily
86%
A form of government in which power is held by a small group of peopleOOligarchy
86%
A type of bird that is known for its colorful plumagePPeacock
86%
A substance used to kill or control pests, typically insects and rodentsPPesticide
86%
A type of plant with edible roots that is often used in cookingCCarrot
79%
A type of rock that is formed from cooled magma or lavaIIgneous
71%
A feeling of fear or unease about the futureAAnxiety
64%
A feeling of sadness, disappointment, or lossGGrief
64%
The state of being calm and peacefulTTranquility
64%
A type of plant that is known for its medicinal propertiesHHerb
57%
A type of seafood that is often used in sushiTTuna
57%
A feeling of intense joy or delightEElation
50%
A type of tree that is known for its fragrant flowersMMagnolia
50%
A substance that is added to food to enhance its flavorSSpice
43%
A feeling of great respect or reverenceAAwe
36%
A system of government in which power is divided between a central authority and constituent political unitsFFederalism
29%
A feeling of great happiness and excitementJJubilation
29%
The quality of being open and honestCCandor
14%
The quality of being fair and impartialJJustice
14%

Score Distribution

Percentile by Number Answered

Percent of People with Each Score

Your Score History

You have not taken this quiz